000 00835nam a22002177a 4500
999 _c19961
_d19961
003 AR-CdUCM
008 190524b ||||| |||| 00| 0 eng d
040 _aMUNICIPALIDAD PROVINCIAL DEL CUSCO
_cBIBLIOTECA MUNICIPAL DEL CUSCO
082 _a119 /
_bT24
100 _aTatakis, Basilio
_941752
245 _aFilosofía Bizantina /
260 _aBuenos Aires :
_bSudamericana,
_c1952.
300 _a301 páginas ;
_c25 cm.
505 _aContenido : Herencia del primer cristianismo -- Las obras admitidas por los Bizantinos -- Trayectoria del pensamiento cristiano en el Oriente -- Triple formalismo de la cultura Bizantina...
650 _aFilosofia Oriental
_941753
650 _aPensamiento Bizantino
_941754
650 _aFilosofía Bizantina
_941755
700 _aNañez, Demetrio
_941756
942 _2ddc
_cLIBROS
945 _arcc